Ricostruisci la Carriera del Calciatore - Antonio Mirante - Statistics

Statistiche generali
  • Questo quiz è stato fatto 5 volte
  • Il punteggio medio è 5 su 9
Statistiche sulle risposte
Hint Risposta % Corretto
2021- Milan
100%
2018-2021 Roma
75%
2007-2009 Sampdoria
75%
2005-2006 Siena
75%
2015-2018 Bologna
50%
2004-2005 Crotone
50%
2003-2004 Juventus
50%
2009-2015 Parma
25%
2006-2007 Juventus
0%
Nessun quiz corrispondente trovato
Distribuzione punteggi
Percentuale di utenti per punteggio
Percentile per numero di risposta
I tuoi punteggi nel tempo
Non hai fatto questo quiz